Datum a čas kvízu
29
Celkem bodů
Celkový počet nahraných bodů na tomto kvízu bez doplňovacích otázek.
12.
Pořadí na kvízu
Konečné umístění týmu na tomto kvízu.
Zaznamenané odpovědi
| # | Otázka | Odpověď | Body | Výsledky |
|---|---|---|---|---|
| 1. | Koronavirus dorazil i do Posla... | Karla Šlechtová | 0 | |
| 2. | Jistá arabská země minulý týde... | Spojené arabské emiráty | 1 | |
| 3. | Jak se jmenuje slavný britský... | Sean Connery | 0 | |
| 4. | Minulý týden byl oznámen konec... | Internet Explorer | 1 | |
| 5. | Slavná tenisová dvojčata Mike... | Bryanovi | 1 | |
| 6. | V tomto tématu se podíváme na... | (druhá) punská válka | 1 | |
| 7. | V roce 1805 se odehrála bitva... | Cádiz | 0 | |
| 8. | Jak se jmenoval americký gener... | Robert Edward Lee | 0 | |
| 9. | V počáteční fázi první světové... | Marna/La Marne | 1 | |
| 10. | Cílem této vojenské operace v... | Ofenzíva Tet | 0 |